000 00473nam a2200157Ia 4500
008 100122s9999 xx 000 0 und d
082 _b66339
_a823
100 _aचेस जेम्स हॅडली
245 _aबॅक रॉबरी
260 _bगीता एजन्सीज
_c2004
300 _a184
630 _aबॅक रॉबरी
700 _aहुद्दार मधुकर
730 _aबॅक रॉबरी
942 _cBOOK
999 _c438925
_d438922